| 000 | 00606nam a2200145Ia 4500 | ||
|---|---|---|---|
| 008 | 231221s9999 xx 000 0 und d | ||
| 041 | _aEnglish | ||
| 082 | _aPESIT/TC | ||
| 100 | _aPrasad, R V Shankar, H N Varchas, R S Jamadagni, H S Pawelczak, Przemyslaw | ||
| 245 | 0 | _aUser-centric architecture for virtual voice-only VoIP conferencing [e resource : article] | |
| 260 | _c2006 | ||
| 510 | _aArticle presented @ the Workshop towards the QoS internet, organized by Wojciech Burakowski | ||
| 650 | _aUser-centric,architecture,virtual,voice-only,VoIP,conferencing,[electronic,:,article] | ||
| 942 | _cDL | ||
| 999 |
_c204226 _d204226 |
||